12 to 1 Sorting Gallery Quiz Stats

 Plays Quiz Updated Feb 13, 2019

Support Sporcle.
Go Orange.
Score 0/78 Timer 10:00
0 Plays Today
% Correct
Helpful
88.8%
Courteous
87.7%
Friendly
86.7%
Locusts
86.4%
Brave
86.4%
Loyal
86.2%
Earth
85.4%
Mars
85%
Mercury
84.7%
Grumpy
84.4%
Jupiter
84.2%
Uranus
84.2%
Trustworthy
84.2%
Boils
84.1%
Frogs
84.1%
Joey
84%
Flies
83.9%
Michelangelo
83.5%
Saturn
83.5%
Rachel
83.3%
Dopey
83.3%
Cheerful
83.2%
Donatello
83.2%
Clean
83.2%
Venus
83.1%
Ross
82.8%
Obedient
82.5%
Michigan
82.5%
Bashful
82.4%
Chandler
82.4%
Monica
82.3%
Neptune
82.2%
Gandalf
82.1%
Phoebe
82%
Leonardo
82%
Ontario
81.8%
Sleepy
81.7%
Happy
81.3%
Erie
81.3%
% Correct
Sneezy
81.1%
Raphael
80.8%
Superior
80.7%
Doc
80.5%
Firstborn Death
80.5%
Blood
79.9%
Kind
79.8%
Frodo
79.7%
Huron
79.1%
Aragorn
77.8%
Darkness
77.4%
Lice
77.4%
Legolas
75.9%
Orville
75.6%
England
75.3%
Gimli
75.3%
McGann
74.8%
Wales
74.5%
Boromir
73.5%
Wilbur
73%
Scotland
72.9%
McCoy
72.5%
Hartnell
70%
Hail
69.3%
Thrifty
68.6%
Pestilence
68.5%
Pippin
67.5%
Davison
67.1%
Baker
66.8%
Capaldi
66.1%
Smith
66%
Eccleston
62.1%
Sam
60.9%
Tennant
60.3%
Troughton
59.8%
Reverent
57.6%
Canadiens
56%
Merry
49.9%
Pertwee
48%

From the Vault

Longest and Shortest Element A-Z

by wiggytitch

Science 6m
You'll have to see which elements measure up.
Remove Ads.
Support Sporcle.
Get the best of Sporcle when you Go Orange. This ad-free experience offers more features, more stats, and more fun while also helping to support Sporcle. Thank you for becoming a member.

Show Comments

Extras

Top Quizzes Today


Score Distribution

Your Account Isn't Verified!

In order to create a playlist on Sporcle, you need to verify the email address you used during registration. Go to your Sporcle Settings to finish the process.

Report this User

Report this user for behavior that violates our Community Guidelines.

Details: